000 00672nam a2200217Ia 4500
003 GCL
008 140319s9999 xx 000 0 ara d
040 _aGCL /
_cGCL
082 0 4 _a071.962
_bم ع
100 1 _aمحمد احمد خلف الله
245 1 0 _aعبدالله النديم ومذكراته السياسيه /
_cمحمد احمد خلف الله
300 _a127 ص
490 _a
650 0 4 _aالثقافة العربية
650 0 4 _aالصحافة العربية
650 0 4 _aالتنوير
650 0 4 _aالترجمة الذاتية
650 0 4 _aالوثائق العربية
650 0 4 _aعبدالله النديم
942 _2ddc
_cBK
999 _c37526
_d37526